Faire événement pour former (notice n° 1738724)

détails MARC
000 -LEADER
fixed length control field 01769cam a2200313 4500500
005 - DATE AND TIME OF LATEST TRANSACTION
control field 20260322004237.0
041 ## - LANGUAGE CODE
Language code of text/sound track or separate title fre
042 ## - AUTHENTICATION CODE
Authentication code dc
100 10 - MAIN ENTRY--PERSONAL NAME
Personal name Macias Méndez, Patricia
Relator term author
245 00 - TITLE STATEMENT
Title Faire événement pour former
260 ## - PUBLICATION, DISTRIBUTION, ETC.
Date of publication, distribution, etc. 2026.<br/>
500 ## - GENERAL NOTE
General note 76
520 ## - SUMMARY, ETC.
Summary, etc. To encourage future social workers to cultivate and share the joy of expression through reading and participation in cultural events. To inspire this approach in the people they will support. This is an objective of the documentation center to be implemented in coordination with the teaching and administrative staff, with the active support of management, to develop a relevant and recognized offering.
520 ## - SUMMARY, ETC.
Summary, etc. Inciter les futurs travailleurs sociaux à cultiver et transmettre le plaisir de l’expression grâce à la lecture et la participation aux événements culturels. Provoquer l’émulation de cette démarche auprès des personnes qu’ils accompagneront. Un objectif du centre de documentation à mettre en œuvre en coordination avec l’équipe pédagogique, administrative et le soutien participant de la direction pour aboutir à une offre pertinente et reconnue.
690 ## - LOCAL SUBJECT ADDED ENTRY--TOPICAL TERM (OCLC, RLIN)
Topical term or geographic name as entry element animation socioculturelle
690 ## - LOCAL SUBJECT ADDED ENTRY--TOPICAL TERM (OCLC, RLIN)
Topical term or geographic name as entry element formation supérieure
690 ## - LOCAL SUBJECT ADDED ENTRY--TOPICAL TERM (OCLC, RLIN)
Topical term or geographic name as entry element habitus
690 ## - LOCAL SUBJECT ADDED ENTRY--TOPICAL TERM (OCLC, RLIN)
Topical term or geographic name as entry element identité collective
690 ## - LOCAL SUBJECT ADDED ENTRY--TOPICAL TERM (OCLC, RLIN)
Topical term or geographic name as entry element participation
690 ## - LOCAL SUBJECT ADDED ENTRY--TOPICAL TERM (OCLC, RLIN)
Topical term or geographic name as entry element collective identity
690 ## - LOCAL SUBJECT ADDED ENTRY--TOPICAL TERM (OCLC, RLIN)
Topical term or geographic name as entry element habitus
690 ## - LOCAL SUBJECT ADDED ENTRY--TOPICAL TERM (OCLC, RLIN)
Topical term or geographic name as entry element higher education
690 ## - LOCAL SUBJECT ADDED ENTRY--TOPICAL TERM (OCLC, RLIN)
Topical term or geographic name as entry element participation
690 ## - LOCAL SUBJECT ADDED ENTRY--TOPICAL TERM (OCLC, RLIN)
Topical term or geographic name as entry element sociocultural activities
700 10 - ADDED ENTRY--PERSONAL NAME
Personal name Santerre, Patricia
Relator term author
700 10 - ADDED ENTRY--PERSONAL NAME
Personal name Ferrand, Sarah
Relator term author
786 0# - DATA SOURCE ENTRY
Note Sociographe | 93 | 1 | 2026-02-27 | p. 75-85 | 1297-6628
856 41 - ELECTRONIC LOCATION AND ACCESS
Uniform Resource Identifier <a href="https://shs.cairn.info/revue-sociographe-2026-1-page-75?lang=fr&redirect-ssocas=7080">https://shs.cairn.info/revue-sociographe-2026-1-page-75?lang=fr&redirect-ssocas=7080</a>

Pas d'exemplaire disponible.

PLUDOC

PLUDOC est la plateforme unique et centralisée de gestion des bibliothèques physiques et numériques de Guinée administré par le CEDUST. Elle est la plus grande base de données de ressources documentaires pour les Étudiants, Enseignants chercheurs et Chercheurs de Guinée.

Adresse

627 919 101/664 919 101

25 boulevard du commerce
Kaloum, Conakry, Guinée

Réseaux sociaux

Powered by Netsen Group @ 2025